Black dog of fate : (Record no. 1114)

000 -LEADER
fixed length control field 01474nam a22004097a 4500
001 - CONTROL NUMBER
control field 2582329
003 - CONTROL NUMBER IDENTIFIER
control field OSt
005 - DATE AND TIME OF LATEST TRANSACTION
control field 20210426124040.0
008 - FIXED-LENGTH DATA ELEMENTS--GENERAL INFORMATION
fixed length control field 961211s1997 nyua b 000 0aeng
010 ## - LIBRARY OF CONGRESS CONTROL NUMBER
LC control number 96053351
020 ## - INTERNATIONAL STANDARD BOOK NUMBER
International Standard Book Number 046500704X
040 ## - CATALOGING SOURCE
Original cataloging agency DLC
Transcribing agency DLC
Modifying agency DLC
Language of cataloging eng
041 ## - LANGUAGE CODE
Language code of text/sound track or separate title eng
043 ## - GEOGRAPHIC AREA CODE
Geographic area code e-ur-ai
-- n-us-nj
-- n-us---
050 00 - LIBRARY OF CONGRESS CALL NUMBER
Classification number PS3552.A443
Item number Z464 1997
080 ## - UNIVERSAL DECIMAL CLASSIFICATION NUMBER
Universal Decimal Classification number 92
Item number B-18
082 00 - DEWEY DECIMAL CLASSIFICATION NUMBER
Classification number 811/.54
-- B
Edition number 21
100 1# - MAIN ENTRY--PERSONAL NAME
Personal name Balakian, Peter,
Dates associated with a name 1951-
245 10 - TITLE STATEMENT
Title Black dog of fate :
Remainder of title a memoir /
Statement of responsibility, etc. / by: Basic Books
250 ## - EDITION STATEMENT
Edition statement 1st edition
260 ## - PUBLICATION, DISTRIBUTION, ETC.
Place of publication, distribution, etc. New York, NY
Name of publisher, distributor, etc. Basic Books
Date of publication, distribution, etc. c1997.
300 ## - PHYSICAL DESCRIPTION
Extent 289, [3] p.
Other physical details ill.
Dimensions 25 cm.
365 ## - TRADE PRICE
Price amount 24 usd
500 ## - GENERAL NOTE
General note Map of Armenia from 500 BC to present on endpapers.
504 ## - BIBLIOGRAPHY, ETC. NOTE
Bibliography, etc. note Includes bibliographical references (p. [292]).
600 10 - SUBJECT ADDED ENTRY--PERSONAL NAME
Personal name Balakian, Peter,
Dates associated with a name 1951-
General subdivision Family.
650 #0 - SUBJECT ADDED ENTRY--TOPICAL TERM
Topical term or geographic name entry element Armenian Genocide res survivors
Geographic subdivision United States
Form subdivision Biography.
650 #0 - SUBJECT ADDED ENTRY--TOPICAL TERM
Topical term or geographic name entry element Biography
9 (RLIN) 237
650 #0 - SUBJECT ADDED ENTRY--TOPICAL TERM
Topical term or geographic name entry element Poets, American
Chronological subdivision 20th century
General subdivision Family relationships.
650 #0 - SUBJECT ADDED ENTRY--TOPICAL TERM
Topical term or geographic name entry element Armenian Americans
Geographic subdivision New Jersey
Form subdivision Biography.
650 #0 - SUBJECT ADDED ENTRY--TOPICAL TERM
Topical term or geographic name entry element Armenian Genocide, 1915-1923.
653 ## - INDEX TERM--UNCONTROLLED
Uncontrolled term ბიოგრაფია
856 42 - ELECTRONIC LOCATION AND ACCESS
Materials specified Publisher description
Uniform Resource Identifier <a href="http://www.loc.gov/catdir/enhancements/fy0832/96053351-d.html">http://www.loc.gov/catdir/enhancements/fy0832/96053351-d.html</a>
906 ## - LOCAL DATA ELEMENT F, LDF (RLIN)
a 7
b cbc
c orignew
d 1
e ocip
f 19
g y-gencatlg
942 ## - ADDED ENTRY ELEMENTS (KOHA)
Source of classification or shelving scheme
Koha item type Books
Holdings
Withdrawn status Lost status Source of classification or shelving scheme Damaged status Not for loan Permanent location Current location Date acquired Inventory number Total Checkouts Full call number Barcode Date last seen Price effective from Koha item type
          Ken Walker International University Ken Walker International University 02/01/2021 832   92 B-18 832 02/01/2021 02/01/2021 Books

Powered by Koha